La semiótica: guía alfabética
Αποθηκεύτηκε σε:
| Κύριος συγγραφέας: | |
|---|---|
| Μορφή: | Βιβλίο |
| Γλώσσα: | Undetermined |
| Έκδοση: |
Barcelona, España
Anagrama
1975
|
| Θέματα: | |
| Ετικέτες: |
Προσθήκη ετικέτας
Δεν υπάρχουν, Καταχωρήστε ετικέτα πρώτοι!
|
MARC
| LEADER | 00000nam a2200000Ia 4500 | ||
|---|---|---|---|
| 008 | 170316s9999 xx 000 0 und d | ||
| 040 | |a cru BVZT | ||
| 090 | |a R-413 B-1s FILOL | ||
| 100 | |a Bense, Max et. al. | ||
| 245 | |a La semiótica: guía alfabética | ||
| 260 | |a Barcelona, España | ||
| 260 | |b Anagrama | ||
| 260 | |c 1975 | ||
| 300 | |a 211 páginas | ||
| 630 | |l Español | ||
| 650 | 0 | |a REFERENCIA |9 27 | |
| 650 | 0 | |a FILOLOGÍA |9 186 | |
| 650 | 0 | |a SEMIÓTICA |9 187 | |
| 942 | |c REF |2 z | ||
| 999 | |c 14647 |d 14647 | ||
